00371cam a2200133ua 450000100060000000800390000604000090004508200100005410000370006424500470010126000350014830000100018365300440019310319180326n ii |||gr||||Z||||||eng cMAIN a155.4 aPandit, Balakrishna S.,eAuthor. aChild psychologycBy Balakrishna S. Pandit aDelhi:bSBD publishers,c2010. a346p. aDifferential & developmental psychology